The major works (Record no. 5038)
[ view plain ]
| 000 -LEADER | |
|---|---|
| fixed length control field | 00714 a2200205 4500 |
| 020 ## - INTERNATIONAL STANDARD BOOK NUMBER | |
| International Standard Book Number | 0192840819 |
| 040 ## - CATALOGING SOURCE | |
| Original cataloging agency | DLC |
| Language of cataloging | DLC |
| 082 04 - DEWEY DECIMAL CLASSIFICATION NUMBER | |
| Classification number | 824.3 |
| 100 1# - MAIN ENTRY--PERSONAL NAME | |
| Personal name | Bacon, Francis, |
| 245 14 - TITLE STATEMENT | |
| Title | The major works |
| Statement of responsibility, etc. | Francis Bacon, Brian Vickers. |
| 246 30 - VARYING FORM OF TITLE | |
| Title proper/short title | Francis Bacon, the major works |
| 260 ## - PUBLICATION, DISTRIBUTION, ETC. | |
| Place of publication, distribution, etc. | Oxford ; |
| -- | New York : |
| Name of publisher, distributor, etc. | Oxford University Press, |
| Date of publication, distribution, etc. | 2002. |
| 300 ## - PHYSICAL DESCRIPTION | |
| Extent | l, 813 p. ; |
| Dimensions | 20 cm. |
| 490 1# - SERIES STATEMENT | |
| Series statement | Oxford world's classics |
| 500 ## - GENERAL NOTE | |
| General note | "Including New Atlantis and the Essays"--Cover. |
| 700 1# - ADDED ENTRY--PERSONAL NAME | |
| Personal name | Vickers, Brian. |
| 830 #0 - SERIES ADDED ENTRY--UNIFORM TITLE | |
| Uniform title | Oxford world's classics (Oxford University Press) |
| 856 42 - ELECTRONIC LOCATION AND ACCESS | |
| Materials specified | Publisher description |
| Uniform Resource Identifier | <a href="http://www.loc.gov/catdir/enhancements/fy0614/2002727711-d.html">http://www.loc.gov/catdir/enhancements/fy0614/2002727711-d.html</a> |
| 942 ## - ADDED ENTRY ELEMENTS (KOHA) | |
| Koha item type | Book |
| Call number prefix | 832.3 VIC |
| Source of classification or shelving scheme | |
| Withdrawn status | Lost status | Damaged status | Not for loan | Collection code | Permanent Location | Current Location | Shelving location | Date acquired | Source of acquisition | Cost, normal purchase price | Total Checkouts | Full call number | Barcode | Date last seen | Date last checked out | Price effective from | Koha item type |
|---|---|---|---|---|---|---|---|---|---|---|---|---|---|---|---|---|---|
| Central Library (CL) | Central Library (CL) | General Stacks | 10/30/2006 | Progressive International Agencies | 1094.24 | 1 | 832.3 VIC | SEECS007674 | 11/10/2020 | 03/11/2020 | 01/05/2017 | Book |
